000 00510nam a2200121Ia 4500
008 171212s9999 xx 000 0 und d
100 _aSaffle, Michael;Yang, Hon-Lun
245 _cSaffle, Michael;Yang, Hon-Lun
_aChina and the West
_bMusic, Representation, and Reception
260 _bUniversity of Michigan Press
_c2017
650 _aMusic
650 _aMusic -- Chinese influences; Music -- China -- Western influences; Exoticism in music; Orientalism in music
856 _uhttp://jstor.org/stable/j.ctt1qv5n9n
999 _c352993
_d352993